000 00238nam a2200097Ia 4500
005 20250424112912.0
008 250424s9999 xx 000 0 und d
300 _aiii, 195 p. :ill. ; 28 cm.
650 _aMedicine--Periodicals.
942 _cSR
999 _c37786
_d37786